Normal view
MARC view
- BACHMANN, INGEBORG,
Entry Nombre Personal
001 - NUMERO DE CONTROL
- campo de control: 22673
003 - IDENTIFICADOR DE NUMERO DE CONTROL
- campo de control: UPN
005 - FECHA Y HORA DE LA ÜLTIMA TRANSACCIÓN
- campo de control: 20210219193953.0
008 - DATOS DE LONGITUD FIJA
- campo de control de longitud fija: nabaccnnaabn|||||||||| b |nc|||||d
035 ## - NUMERO DE CONTROL
- Número de control: UPN10000022682
040 ## - FUENTE DE CATALOGACIÓN
- Lenguaje de catalogación: SPA
- Agencia de transcripción: UPN
100 1# - ENCABEZAMIENTO - NOMBRE PERSONAL
- Nombre personal: BACHMANN, INGEBORG,
- Fechas asociadas con el nombre: 1926-1973 -
- Subdivisión de forma: ENTREVISTAS
670 ## - FUENTE EN LA QUE SE LOCALIZARON DATOS
- Cita de la fuente: LC
- Información localizada: Bachmann, Ingeborg, 1926-1973 - Interviews
902 ## - CATALOGADOR
- Catalogador: MCM/290114
